| 000 | 01907nam0a2200361 4500 | ||
|---|---|---|---|
| 001 | RU\NLR\BIBL_A\022123851 | ||
| 005 | 20240319144853.0 | ||
| 010 |
_a978-5-4465-3963-5 _9200 |
||
| 021 |
_aRU _bКН-П-23-078983 _9КН-П-23-7979 |
||
| 035 | _a(NLR Aleph) 022123851 | ||
| 035 | _a(RuMoRGB)012437460 | ||
| 090 |
_a12815239 _c12815239 |
||
| 100 | _a20240202d2023 u y0rusy50 ca | ||
| 101 | 0 |
_arus _ayur _alau |
|
| 102 | _aRU | ||
| 105 | _aac z 100ay | ||
| 181 | 0 |
_ai _baxxe |
|
| 182 | 0 | _an | |
| 200 | 1 |
_aПроза. Публицистика _eXV Открытый межрегиональный литературный конкурс имени Ю. С. Рытхэу _eсборник произведений _fДепартамент культуры, спорта и туризма Чукотского автономного округа, Музейный центр "Наследие Чукотки" _gиллюстрации: Александр Григорьев |
|
| 203 |
_aТекст _bвизуальный _cнепосредственный |
||
| 210 |
_aМосква _cБуки Веди _aАнадырь _c[б. и.] _d2023 |
||
| 215 |
_a285 с., [2] л. цв. ил. _cцв. ил., портр. _d22 |
||
| 300 | _aЧасть текста парал. рус., ненецкий, эвенский | ||
| 686 | 2 | _aШ6(2)7-4я43 | |
| 702 | 1 |
_4040 _7ca _8rus _aГригорьев _bА. Е. _cхудожник _f1969- _gАлександр Евгеньевич _9265839 _3RU\NLR\AUTH\770265895 |
|
| 711 | 1 | 2 |
_aЛитературный конкурс им. Ю. С. Рытхэу _d15 _eАнадырь _f2023 _9876049 _3RU\NLR\AUTH\880604198 |
| 712 | 0 | 2 |
_4475 _a"Наследие Чукотки", музейный центр _cАнадырь _9876051 _3RU\NLR\AUTH\880604200 |
| 942 | _cBOOK | ||
| 980 | _aNB | ||